<?xml version='1.0' encoding='UTF-8'?>
  <record xmlns="http://www.loc.gov/MARC21/slim">
    <leader>00000cam a2200000 i 4500</leader>
    <controlfield tag="001">ocn781811703</controlfield>
    <controlfield tag="003">OCoLC</controlfield>
    <controlfield tag="005">20250530050829.1</controlfield>
    <controlfield tag="008">861006s1882    ne            000 0 dut d</controlfield>
    <datafield tag="040" ind1=" " ind2=" ">
      <subfield code="a">NLGGC</subfield>
      <subfield code="b">dut</subfield>
      <subfield code="e">fobidrtb</subfield>
      <subfield code="c">NLGGC</subfield>
      <subfield code="d">BEATB</subfield>
      <subfield code="d">OCLCO</subfield>
      <subfield code="d">OCLCQ</subfield>
      <subfield code="d">NLNIA</subfield>
      <subfield code="d">OCLCL</subfield>
      <subfield code="d">OCLCQ</subfield>
      <subfield code="d">OCLCL</subfield>
    </datafield>
    <datafield tag="019" ind1=" " ind2=" ">
      <subfield code="a">921065701</subfield>
    </datafield>
    <datafield tag="029" ind1="0" ind2=" ">
      <subfield code="a">NLGGC</subfield>
      <subfield code="b">864216971</subfield>
    </datafield>
    <datafield tag="035" ind1=" " ind2=" ">
      <subfield code="a">(OCoLC)781811703</subfield>
      <subfield code="z">(OCoLC)921065701</subfield>
    </datafield>
    <datafield tag="082" ind1="0" ind2="4">
      <subfield code="a">949.2</subfield>
      <subfield code="q">OCoLC</subfield>
      <subfield code="2">20/eng/20230216</subfield>
      <subfield code="1">https://id.oclc.org/worldcat/ddc/E3q7c4bRkQvtVBDbcDmVCX7kjh</subfield>
    </datafield>
    <datafield tag="084" ind1=" " ind2=" ">
      <subfield code="a">15.70</subfield>
      <subfield code="2">bcl</subfield>
    </datafield>
    <datafield tag="100" ind1="1" ind2=" ">
      <subfield code="a">Witkamp, Pieter Harme</subfield>
      <subfield code="q">(Pieter Harmen),</subfield>
      <subfield code="c">historicus, geograaf,</subfield>
      <subfield code="d">1816-1892.</subfield>
      <subfield code="1">https://id.oclc.org/worldcat/entity/E39PCjG4k38CcGcPTJtw8xfM8y</subfield>
    </datafield>
    <datafield tag="245" ind1="1" ind2="0">
      <subfield code="a">Geschiedenis der Zeventien Nederlanden /</subfield>
      <subfield code="c">door P.H. Witkamp.</subfield>
    </datafield>
    <datafield tag="260" ind1=" " ind2=" ">
      <subfield code="a">Arnhem [etc.] :</subfield>
      <subfield code="b">Cohen,</subfield>
      <subfield code="c">1882.</subfield>
    </datafield>
    <datafield tag="300" ind1=" " ind2=" ">
      <subfield code="a">2 dl. in 3 bd. :</subfield>
      <subfield code="b">ill., krt. ;</subfield>
      <subfield code="c">30 cm.</subfield>
    </datafield>
    <datafield tag="336" ind1=" " ind2=" ">
      <subfield code="a">tekst</subfield>
      <subfield code="b">txt</subfield>
      <subfield code="2">rdacontent/dut</subfield>
    </datafield>
    <datafield tag="337" ind1=" " ind2=" ">
      <subfield code="a">zonder medium</subfield>
      <subfield code="b">n</subfield>
      <subfield code="2">rdamedia/dut</subfield>
    </datafield>
    <datafield tag="338" ind1=" " ind2=" ">
      <subfield code="a">band</subfield>
      <subfield code="b">nc</subfield>
      <subfield code="2">rdacarrier/dut</subfield>
    </datafield>
    <datafield tag="505" ind1="8" ind2=" ">
      <subfield code="a">Dl. 1: De oudste geschiedenis der Nederlanden. -- De geschiedenis van Holland, Zeeland, Amstel, Vlaanderen en Artois tot 1543. 370 houtgrav. -- Dl. 2,1: De geschiedenis van Henegouwen, Doornik, Namen, Luxemburg, Arlon, Chiny, Vianden, Brabant, Antwerpen, Mechelen, Limburg, Valkenburg, Daelhem, 's Hertogenrade. 203 houtgrav. -- Dl. 2,2: De geschiedenis van Gelder en Zutphen, het Sticht Utrecht, Friesland en Groningen, Kamerijk, de Zeventien Nederlanden onder één hoofd, Luik, Loon, de Zeventien Nederlanden na hunne scheiding en vervorming tot op het jaar 1880. 163 houtgrav.</subfield>
    </datafield>
    <datafield tag="530" ind1=" " ind2=" ">
      <subfield code="a">Ook beschikbaar in microvorm.</subfield>
    </datafield>
    <datafield tag="530" ind1=" " ind2=" ">
      <subfield code="a">Boek wordt verfilmd Metamorfoze UBU.</subfield>
    </datafield>
    <datafield tag="546" ind1=" " ind2=" ">
      <subfield code="a">Nederlands [TA].</subfield>
    </datafield>
    <datafield tag="650" ind1=" " ind2="4">
      <subfield code="a">History of the Low Countries</subfield>
      <subfield code="0">(BE-AnANE)a::949.1:1</subfield>
    </datafield>
    <datafield tag="651" ind1=" " ind2="7">
      <subfield code="a">Bourgondische Nederlanden.</subfield>
      <subfield code="2">gtt</subfield>
      <subfield code="0">(NL-LeOCL)078601061</subfield>
    </datafield>
    <datafield tag="651" ind1=" " ind2="7">
      <subfield code="a">Nederland.</subfield>
      <subfield code="2">gtt</subfield>
      <subfield code="0">(NL-LeOCL)078600987</subfield>
    </datafield>
    <datafield tag="651" ind1=" " ind2="7">
      <subfield code="a">België.</subfield>
      <subfield code="2">gtt</subfield>
      <subfield code="0">(NL-LeOCL)078448298</subfield>
    </datafield>
    <datafield tag="655" ind1=" " ind2="7">
      <subfield code="a">Geschiedenis (vorm)</subfield>
      <subfield code="2">gtt</subfield>
      <subfield code="0">(NL-LeOCL)088143147</subfield>
    </datafield>
    <datafield tag="936" ind1=" " ind2=" ">
      <subfield code="a">BATCHLOAD</subfield>
    </datafield>
  </record>